| 000 | 00826nam a22002057i 4500 | ||
|---|---|---|---|
| 999 |
_c23331 _d23331 |
||
| 003 | AR-CdUCM | ||
| 008 | 250722b20232023 pe||||| |||| 00| 0 spa d | ||
| 040 |
_aMUNICIPALIDAD PROVINCIAL DEL CUSCO _cBIBLIOTECA MUNICIPAL DEL CUSCO |
||
| 041 | _hspa | ||
| 082 |
_a869.53 / Q75 _bQ75 |
||
| 100 |
_aQuispe Rojas, Allison Cattleya Bhella _951261 |
||
| 245 |
_aQosqo Hatun LLaqta 2023 : _bI Concurso de Poesía en Quechua y Cuentos Tradicionales en Castellano / |
||
| 300 |
_a78 páginas. : _c20x21 cm. |
||
| 505 | _aMunasqay Qosqo -- Hombre de Qoyllurpukyo -- Ciudad de oro -- Atoqwan Kuntuwan | ||
| 700 |
_aOrtiz Cjuno, Ángeles Sheyla _951262 |
||
| 700 |
_aTeran Lagos, Christopher Remé _951263 |
||
| 700 |
_aVargas Ttito, Yherson Italo _951264 |
||
| 942 |
_2ddc _cLIBROS |
||
| 945 |
_apbjr _d22-07-2025 |
||